| 000 | 00403cam a2200169ua 4500 | ||
|---|---|---|---|
| 020 | _c12.60 | ||
| 041 |
_aeng _h |
||
| 082 |
_a421 _bBEL/WR |
||
| 100 | _aBell, R.W . | ||
| 245 |
_aWrite what you mean / _cR.W Bell. _hTextual Documents |
||
| 260 |
_aLondon : _bGeorge Allen & Unwin Ltd , _c1960. |
||
| 300 | _a116 ; . | ||
| 365 | _a12.60 | ||
| 504 | _a | ||
| 942 | _cBK | ||
| 999 |
_c12449 _d12449 |
||